[Event "AUTO-MASTER-1116"]
[Site "http://www.queenalice.com/game.php?id=775706"]
[Date "2010.5.14"]
[Round "1"]
[White "Blutigeroo"]
[Black "vagner_pirai"]
[Result "1-0"]
[WhiteElo "1961"]
[BlackElo "2119"]

1. c4 c6 2. Nc3 d5 3. cxd5 cxd5 4. d4 Nf6 5. Nf3 e6 6. a3 b6 7. e3 Nbd7 8. Bb5
Bd6 9. O-O a6 10. Bc6 Rb8 11. b4 b5 12. a4 Bxb4 13. Qb3 Bxc3 14. Qxc3 bxa4 15.
Ba3 Ne4 16. Qc2 Bb7 17. Bxa4 Rc8 18. Qb2 Bc6 19. Bxc6 Rxc6 20. Rfc1 Rb6 21. Qe2
Nb8 22. Ne5 Nd6 23. Bc5 Rb5 24. Bxd6 Qxd6 25. Rc8+ Ke7 26. Rxh8 Nc6 27. f4 Na5
28. Rxh7 Nb3 29. Rf1 Kf8 30. Qh5 Rb7 31. Rh8+ 1-0

[Event "AUTO-MASTER-1116"]
[Site "http://www.queenalice.com/game.php?id=775707"]
[Date "2010.5.14"]
[Round "1"]
[White "vagner_pirai"]
[Black "Blutigeroo"]
[Result "1-0"]
[WhiteElo "2109"]
[BlackElo "1999"]

1. e4 c5 2. Nf3 Nc6 3. d4 cxd4 4. Nxd4 g6 5. Nc3 Bg7 6. Be3 d6 7. Bb5 Bd7 8. O-O
e5 9. Nxc6 Bxc6 10. Bc4 Ne7 11. Nd5 Nxd5 12. Bxd5 O-O 13. c4 Qc7 14. Qb3 Rab8
15. Bxa7 Ra8 16. Bb6 Qd7 17. Rfd1 Ba4 18. Qb4 Bxd1 19. Rxd1 Rxa2 20. Be3 Rfa8
21. c5 Bf8 22. Bxa2 Rxa2 23. h3 Ra4 24. Qb6 Rxe4 25. cxd6 Ra4 26. Qc7 Qe6 27. d7
Be7 28. Bh6 1-0

[Event "AUTO-MASTER-1116"]
[Site "http://www.queenalice.com/game.php?id=775718"]
[Date "2010.5.14"]
[Round "1"]
[White "Penroyal"]
[Black "vagner_pirai"]
[Result "1-0"]
[WhiteElo "2126"]
[BlackElo "2107"]

1. d4 d5 2. c4 c6 3. Nc3 Nf6 4. Bg5 e6 5. e3 dxc4 6. Bxc4 b5 7. Bb3 a5 8. Nf3 b4
9. Na4 Ba6 10. Rc1 Be7 11. Nc5 Bxc5 12. Rxc5 Bb5 13. Ne5 Qd6 14. Bf4 Qe7 15. Nc4
Nbd7 16. Nd6+ Kf8 17. Nxb5 Nxc5 18. Bd6 cxb5 19. dxc5 Rd8 20. Bxe7+ Kxe7 21. Qe2
Ne4 22. Qxb5 Rd2 23. Qb7+ 1-0

[Event "AUTO-MASTER-1116"]
[Site "http://www.queenalice.com/game.php?id=775719"]
[Date "2010.5.14"]
[Round "1"]
[White "vagner_pirai"]
[Black "Penroyal"]
[Result "0-1"]
[WhiteElo "2095"]
[BlackElo "2137"]

1. e4 e6 2. d4 d5 3. exd5 exd5 4. c4 Nf6 5. Nc3 Be7 6. Bg5 dxc4 7. Bxc4 O-O 8.
Nf3 Nbd7 9. O-O Nb6 10. Bd3 c6 11. Qc2 h6 12. Rad1 hxg5 13. Nxg5 Bg4 14. f3 Bh5
15. Bh7+ Kh8 16. g4 g6 17. gxh5 Nxh7 18. Nxh7 Kxh7 19. hxg6+ fxg6 20. Rf2 Nd5
21. Rg2 Rf5 22. Re1 Nxc3 23. Rxg6 Kxg6 24. Re6+ Bf6 25. h4 Qxd4+ 0-1

[Event "AUTO-MASTER-1116"]
[Site "http://www.queenalice.com/game.php?id=775724"]
[Date "2010.5.14"]
[Round "1"]
[White "roberval"]
[Black "vagner_pirai"]
[Result "1-0"]
[WhiteElo "2059"]
[BlackElo "2097"]

1. e4 c6 2. d4 d5 3. Nc3 dxe4 4. Nxe4 Bf5 5. Ng3 Bg6 6. h4 h5 7. Nh3 e6 8. Nf4
Ne7 9. Bc4 Nd7 10. Qe2 Bf5 11. Ngxh5 g6 12. g4 gxh5 13. gxf5 Qa5+ 14. Bd2 Qxf5
15. O-O-O Bh6 16. Bd3 Qg4 17. Qxg4 hxg4 18. Be2 Bxf4 19. Bxf4 f5 20. c4 Ng6 21.
Bg5 Kf7 22. f3 g3 23. h5 Ne7 24. Rdg1 Nf6 25. h6 Ng6 26. Rxg3 Nh7 27. Be3 f4 28.
Rxg6 Kxg6 29. Bxf4 Ng5 30. Be5 Rxh6 31. Bd3+ Ne4 32. Bxe4+ Kg5 33. f4+ Kg4 34.
Rxh6 1-0

[Event "AUTO-MASTER-1116"]
[Site "http://www.queenalice.com/game.php?id=775725"]
[Date "2010.5.14"]
[Round "1"]
[White "vagner_pirai"]
[Black "roberval"]
[Result "0-1"]
[WhiteElo "2079"]
[BlackElo "2095"]

1. e4 c5 2. Nf3 Nc6 3. d4 cxd4 4. Nxd4 Nf6 5. Nc3 e5 6. Ndb5 d6 7. Nd5 Nxd5 8.
exd5 Ne7 9. c4 Ng6 10. Bd3 f5 11. f3 a6 12. Nc3 Be7 13. Bd2 O-O 14. Qc2 Bg5 15.
O-O-O Nf4 16. Bxf4 Bxf4+ 17. Kb1 Bd7 18. Ne2 Bg5 19. Ng3 g6 20. h4 Bxh4 21. Ne2
b5 22. g3 Bf6 23. g4 bxc4 24. Bxc4 Rc8 25. Ng3 Bh4 26. Qh2 Rxc4 27. Qxh4 Qxh4
28. Rxh4 fxg4 29. Rdh1 h5 30. fxg4 Bxg4 31. Rg1 Rf2 32. Nxh5 Bf5+ 33. Re4 Bxe4+
34. Ka1 Rg2 35. Nf6+ Kf7 36. Rf1 Rf2 0-1

[Event "AUTO-OPEN-1977"]
[Site "http://www.queenalice.com/game.php?id=775746"]
[Date "2010.5.14"]
[Round "1"]
[White "fredpoa"]
[Black "vagner_pirai"]
[Result "0-1"]
[WhiteElo "1504"]
[BlackElo "2106"]

1. e4 c6 2. Bc4 d5 3. exd5 cxd5 4. Bb5+ Bd7 5. Nc3 d4 6. Bxd7+ Qxd7 7. Ne4 e5 8.
d3 Nc6 9. a3 Be7 10. Nf3 Nf6 11. c4 dxc3 12. Nxc3 O-O 13. O-O Nd4 14. Nxd4 Qxd4
15. Be3 Qd7 16. Qc2 Rac8 17. Rac1 Nd5 18. Qb3 Nxe3 19. fxe3 Qxd3 20. Rfe1 Bg5
21. Qc2 Bxe3+ 22. Rxe3 Qxe3+ 23. Kf1 Rfd8 24. Re1 Qf4+ 25. Qf2 Qxf2+ 26. Kxf2
Rd2+ 27. Re2 Rcd8 28. Rxd2 Rxd2+ 29. Ne2 Rxb2 30. Kg3 Rxe2 0-1

[Event "AUTO-OPEN-1977"]
[Site "http://www.queenalice.com/game.php?id=775747"]
[Date "2010.5.14"]
[Round "1"]
[White "vagner_pirai"]
[Black "fredpoa"]
[Result "1-0"]
[WhiteElo "2105"]
[BlackElo "1506"]

1. e4 e5 2. Nf3 f6 3. Nxe5 fxe5 4. Qh5+ g6 5. Qxe5+ Qe7 6. Qxh8 Qg7 7. Qxg7 Bxg7
8. Bc4 Nf6 9. Nc3 c6 10. d4 b5 11. Bb3 d6 12. Bg5 h6 13. Bxf6 Bxf6 14. O-O-O a5
15. e5 dxe5 16. dxe5 Bxe5 17. Rhe1 Nd7 18. f4 Kd8 19. fxe5 Kc7 20. e6 Nf6 21. e7
Ne8 22. Rd8 Bb7 23. Red1 Nf6 24. Rxa8 Bxa8 25. Ne4 Ne8 26. Rd8 1-0

[Event "AUTO-OPEN-1977"]
[Site "http://www.queenalice.com/game.php?id=775788"]
[Date "2010.5.14"]
[Round "1"]
[White "Lopesq"]
[Black "vagner_pirai"]
[Result "0-1"]
[WhiteElo "1750"]
[BlackElo "2081"]

1. d4 d5 2. Nf3 Bf5 3. c3 e6 4. Bf4 Bd6 5. Bxd6 Qxd6 6. Nbd2 Nf6 7. e3 c5 8.
dxc5 Qxc5 9. Nd4 Bg6 10. N2f3 O-O 11. Be2 Nc6 12. Nb3 Qd6 13. O-O Be4 14. Nfd4
a6 15. Nxc6 bxc6 16. h3 c5 17. Nd2 c4 18. Nxe4 Nxe4 19. Bf3 Qe5 20. Bxe4 Qxe4
21. Qa4 Rfb8 22. Rab1 Rb6 23. Qd7 Rab8 24. Qe7 R6b7 25. Qa3 Rb6 26. b4 cxb3 27.
Rxb3 Rxb3 28. axb3 Qc2 29. b4 Qd3 30. Rc1 Qb5 31. Qa1 Kf8 32. Qb1 g6 33. e4 d4
34. cxd4 Qxb4 35. Qd3 Rd8 36. d5 a5 37. Rb1 Qd6 38. Qe2 exd5 39. Rd1 d4 40. e5
Qe6 41. f4 Qb6 42. Qd3 a4 43. Qa3+ Kg8 44. Kh1 Qb3 45. Qa1 d3 46. e6 fxe6 47.
Rb1 d2 48. Rd1 a3 49. Kh2 Qb2 50. Qxb2 axb2 51. h4 Rc8 52. Rxd2 b1=Q 53. Rf2 Rc3
54. g3 Qe1 55. Rg2 Rc1 56. Kh3 h5 57. Ra2 Qh1+ 58. Rh2 Qf3 59. Ra2 Rh1+ 60. Rh2
Qf1# 0-1

[Event "AUTO-OPEN-1977"]
[Site "http://www.queenalice.com/game.php?id=775789"]
[Date "2010.5.14"]
[Round "1"]
[White "vagner_pirai"]
[Black "Lopesq"]
[Result "1-0"]
[WhiteElo "2102"]
[BlackElo "1786"]

1. e4 c5 2. Nf3 Nc6 3. d4 cxd4 4. Nxd4 e5 5. Nb5 d6 6. c4 a6 7. N5c3 Be7 8. Be3
Nf6 9. Nd5 O-O 10. Nbc3 Bg4 11. Nxf6+ Bxf6 12. Qxg4 Nd4 13. Bxd4 exd4 14. Nd5
Be5 15. f4 Qa5+ 16. b4 Qa3 17. fxe5 dxe5 18. Be2 Kh8 19. O-O Rad8 20. Qh5 Rxd5
21. cxd5 Qe3+ 22. Kh1 g6 23. Qf3 Qh6 24. Qf6+ Kg8 25. Qxe5 Qe3 26. d6 Qxe2 27.
d7 d3 28. Qe7 d2 29. Qxf8+ Kxf8 30. d8=Q+ Kg7 31. Qf6+ Kh6 32. Qf4+ Kh5 33. Qf3+
Qxf3 34. Rxf3 f5 35. exf5 gxf5 36. Rxf5+ Kg6 37. g4 h5 38. Rg1 h4 39. Rd1 h3 40.
Rxd2 1-0

[Event "AUTO-ADV-1507"]
[Site "http://www.queenalice.com/game.php?id=780137"]
[Date "2010.5.24"]
[Round "3"]
[White "vagner_pirai"]
[Black "vult0"]
[Result "1-0"]
[WhiteElo "2064"]
[BlackElo "1849"]

1. e4 e5 2. Nf3 d6 3. d4 exd4 4. Nxd4 Nf6 5. Nc3 Bd7 6. Bg5 Be7 7. Bd3 Nc6 8.
Nxc6 Bxc6 9. O-O O-O 10. f4 Nd7 11. Qh5 Bxg5 12. fxg5 g6 13. Qh6 Ne5 14. Rf4 f6
15. gxf6 Rxf6 16. Raf1 Rxf4 17. Rxf4 Qe7 18. Ne2 Rf8 19. Rxf8+ Qxf8 20. Qxf8+
Kxf8 21. Nd4 Bd7 22. Bb5 c6 23. Ba4 Kf7 24. Kf2 Kf6 25. h3 h5 26. c3 Nd3+ 27.
Ke3 Nxb2 28. Bb3 c5 29. Nf3 Na4 30. Bxa4 Bxa4 31. Nd2 Bb5 32. Nf3 Bd7 33. Nd2 b5
34. a3 c4 35. Nf3 a5 36. Kd4 Be6 37. e5+ dxe5+ 38. Nxe5 Kf5 39. g3 g5 40. Nc6 a4
41. Ke3 Bd5 42. Ne7+ Ke5 43. Ng6+ Kf6 44. Nf8 Bc6 45. Nh7+ Kf5 46. Kd4 Bd7 47.
g4+ hxg4 48. hxg4+ Kg6 49. Nf8+ 1-0

[Event "AUTO-ADV-1507"]
[Site "http://www.queenalice.com/game.php?id=780138"]
[Date "2010.5.24"]
[Round "3"]
[White "vult0"]
[Black "vagner_pirai"]
[Result "0-1"]
[WhiteElo "1853"]
[BlackElo "2091"]

1. e4 c6 2. Nf3 d5 3. e5 Bf5 4. d4 e6 5. g3 Nd7 6. Bg2 c5 7. c3 cxd4 8. cxd4
Bb4+ 9. Nc3 Ne7 10. a3 Ba5 11. O-O Nc6 12. b4 Bb6 13. Nb5 O-O 14. Bg5 f6 15.
exf6 Nxf6 16. Ne5 a6 17. Nxc6 bxc6 18. Nc3 h6 19. Bf4 Ne8 20. Be5 Nd6 21. Ne2
Nc4 22. Nf4 g5 23. Nh5 Nb2 24. Qd2 Nd3 25. Qe3 Bg6 26. Nf6+ Rxf6 27. Bxf6 Qxf6
28. Qf3 Qxf3 29. Bxf3 Bxd4 30. Ra2 Rf8 31. Kg2 e5 32. Bg4 h5 33. Be6+ Bf7 34.
Bf5 Nxf2 35. Raxf2 Bxf2 36. Rxf2 a5 37. Rc2 axb4 38. axb4 d4 39. Rxc6 Bd5+ 0-1

[Event "AUTO-OPEN-1977"]
[Site "http://www.queenalice.com/game.php?id=838355"]
[Date "2010.9.26"]
[Round "2"]
[White "TheBigSid"]
[Black "vagner_pirai"]
[Result "1-0"]
[WhiteElo "2128"]
[BlackElo "2077"]

1. d4 d5 2. c4 c6 3. e3 Nf6 4. Nc3 e6 5. Nf3 dxc4 6. Bxc4 b5 7. Bd3 a5 8. O-O b4
9. Ne4 Ba6 10. Nxf6+ gxf6 11. e4 Bg7 12. Be3 h5 13. Re1 h4 14. h3 Bh6 15. Rc1
Bxe3 16. Rxe3 e5 17. Bxa6 Rxa6 18. dxe5 Qxd1+ 19. Rxd1 fxe5 20. Nxe5 c5 21. Red3
O-O 22. Rd8 Nc6 23. Rxf8+ Kxf8 24. Rd6 Nxe5 25. Rxa6 Nd3 26. Rxa5 c4 27. Kf1
Nxb2 28. Ke2 c3 29. Rb5 Nc4 30. Rxb4 Na3 31. Rb3 1-0

[Event "AUTO-OPEN-1977"]
[Site "http://www.queenalice.com/game.php?id=838356"]
[Date "2010.9.26"]
[Round "2"]
[White "vagner_pirai"]
[Black "TheBigSid"]
[Result "0-1"]
[WhiteElo "2063"]
[BlackElo "2134"]

1. e4 e6 2. d4 d5 3. e5 c5 4. c3 Nc6 5. Be3 Qb6 6. b3 Bd7 7. Nf3 Rc8 8. c4 dxc4
9. Bxc4 cxd4 10. Nxd4 Bc5 11. Nb5 Bxe3 12. Nd6+ Kf8 13. Nxc8 Bxf2+ 14. Kf1 Bxc8
15. Qf3 Bd4 16. Nc3 Nxe5 17. Qg3 Nxc4 18. bxc4 Nf6 19. Rb1 Qc5 20. Qd3 Qf5+ 21.
Qxf5 exf5 22. Nb5 Bc5 23. Rd1 Be6 24. Rd8+ Ne8 25. Nc7 Ke7 26. Nxe6 fxe6 27. Rd3
Nd6 28. Rb3 b6 29. Rc3 Ne4 30. Rc2 Rd8 31. Ke2 Rd4 32. Rd1 Rxd1 33. Kxd1 g5 34.
Ke2 h5 35. a4 a5 36. Rc1 Bb4 37. h4 g4 38. Kd3 Nc5+ 39. Ke3 Nxa4 40. Kf4 Bd2+
0-1

[Event "QA-ANNIV-05"]
[Site "http://www.queenalice.com/game.php?id=841343"]
[Date "2010.10.3"]
[Round "6"]
[White "darewing"]
[Black "vagner_pirai"]
[Result "1-0"]
[WhiteElo "2433"]
[BlackElo "2050"]

1. Nf3 c6 2. d4 d5 3. c4 Nf6 4. Nc3 e6 5. Bg5 Be7 6. e3 O-O 7. Qc2 dxc4 8. Bxc4
Nd5 9. Bxe7 Qxe7 10. O-O Nd7 11. Rad1 b5 12. Nxd5 exd5 13. Bd3 Nf6 14. Qxc6 Bd7
15. Qc5 Qe6 16. Bxb5 Bxb5 17. Qxb5 Rfb8 18. Qe2 Rb4 19. Rc1 Rab8 20. Rc2 Ne4 21.
Ne5 R4b6 22. Rfc1 Nd6 23. b3 Rc8 24. Rxc8+ Nxc8 25. Rc7 Nd6 26. Rxa7 g6 27. Qc2
Nb5 28. Ra8+ Kg7 29. Qc5 Qd6 30. Qc8 f6 31. Qh8+ Kh6 32. Nf7+ 1-0

[Event "QA-ANNIV-05"]
[Site "http://www.queenalice.com/game.php?id=885916"]
[Date "2011.1.13"]
[Round "7"]
[White "vagner_pirai"]
[Black "pensalo"]
[Result "0-1"]
[WhiteElo "2018"]
[BlackElo "2330"]

1. e4 e6 2. e5 d5 3. exd6 cxd6 4. d4 Nf6 5. Nc3 d5 6. Nf3 Be7 7. Bd3 h6 8. Be3
O-O 9. Qd2 Ng4 10. Bf4 f5 11. h3 Nf6 12. O-O-O Ne4 13. Bxe4 fxe4 14. Ne5 Rxf4
15. Ng6 Rf5 16. Nxe7+ Qxe7 17. g4 Rf3 18. Nb5 Na6 19. h4 Bd7 20. Nc3 Rc8 21. Nb1
Ba4 22. b3 Nb4 23. c3 Nd3+ 24. Kc2 Rxf2 0-1